000 00504nam a2200157Ia 4500
008 160316s1978 xxu||||| |||| 00| 0 eng d
082 _a347.050000
_bAYY
100 _aAyyar R Satyamurthi
245 _aThe code of civil procedure act V of 1908, amended by act 104 of 1976 (as modified in the Madras)
250 _a11th
260 _aMadras
_bC Subbaih Chetty and Sons
_c1978
300 _a224p
_b
_c
365 _bRs.25/-
650 _a1.Code of Civil Procedure - Commentary
700 _aKrishnamurthy S
_a
999 _c6541
_d6541